The employability of the graduates of Bachelor and Science in Hotel and Restaurant Management (BSHRM) of the Cavite State University Rosario Campus, S.Y. 2002-2003 to 2006-2007 (Record no. 3936)

MARC details
000 -LEADER
fixed length control field 01285nam a22002777a 4500
003 - CONTROL NUMBER IDENTIFIER
control field OSt
005 - DATE AND TIME OF LATEST TRANSACTION
control field 20250323204736.0
008 - FIXED-LENGTH DATA ELEMENTS--GENERAL INFORMATION
fixed length control field 250307b ||||| |||| 00| 0 eng d
040 ## - CATALOGING SOURCE
Language of cataloging English.
Transcribing agency CvSU-CCAT Campus Library.
Description conventions rda.
050 ## - LIBRARY OF CONGRESS CALL NUMBER
Classification number UM HF 5381
Item number B35 2010
100 ## - MAIN ENTRY--PERSONAL NAME
Personal name Balano, Celestina O., author.
9 (RLIN) 14806
245 ## - TITLE STATEMENT
Title The employability of the graduates of Bachelor and Science in Hotel and Restaurant Management (BSHRM) of the Cavite State University Rosario Campus, S.Y. 2002-2003 to 2006-2007
Statement of responsibility, etc. Celestina O. Balano and Avegail A. Reyes.
260 ## - PUBLICATION, DISTRIBUTION, ETC.
Place of publication, distribution, etc. Rosario, Cavite :
Name of publisher, distributor, etc. Cavite State University-CCAT Campus,
Date of publication, distribution, etc. 2010
300 ## - PHYSICAL DESCRIPTION
Extent ix, 29 leaves :
Other physical details illustrations ;
Dimensions 28 cm
500 ## - GENERAL NOTE
General note Undergraduate Thesis (BSIE Major in Girls Trade) -- Cavite State University-CCAT Campus, 2010.
504 ## - BIBLIOGRAPHY, ETC. NOTE
Bibliography, etc. note Includes bibliographical references and appendices.
546 ## - LANGUAGE NOTE
Language note In English text
650 ## - SUBJECT ADDED ENTRY--TOPICAL TERM
Topical term or geographic name entry element Employability.
9 (RLIN) 9503
650 ## - SUBJECT ADDED ENTRY--TOPICAL TERM
Topical term or geographic name entry element BSHRM graduates -- Employability.
9 (RLIN) 15395
650 ## - SUBJECT ADDED ENTRY--TOPICAL TERM
Topical term or geographic name entry element Graduate employment.
9 (RLIN) 15370
650 ## - SUBJECT ADDED ENTRY--TOPICAL TERM
Topical term or geographic name entry element BSHRM Graduates -- Career outcomes.
9 (RLIN) 15396
700 ## - ADDED ENTRY--PERSONAL NAME
Personal name Reyes, Avegail A., author.
9 (RLIN) 14807
700 ## - ADDED ENTRY--PERSONAL NAME
Personal name Berbie, Lucila C., adviser.
9 (RLIN) 8788
942 ## - ADDED ENTRY ELEMENTS (KOHA)
Source of classification or shelving scheme Library of Congress Classification
Koha item type Thesis/Manuscripts/Dissertations
Call number prefix UM
Classification part HF 5381 B35 2010
Holdings
Withdrawn status Lost status Source of classification or shelving scheme Damaged status Not for loan Collection code Home library Current library Shelving location Date acquired Coded location qualifier Full call number Barcode Date last seen Copy number Price effective from Koha item type
    Library of Congress Classification     Thesis/Manuscript/Dissertation Cavite State University - CCAT Campus Cavite State University - CCAT Campus TH 03/07/2025 UM UM HF 5381 B35 2010 T0000512 10/24/2025 1 03/07/2025 Thesis/Manuscripts/Dissertations